<?xml version="1.0" encoding="UTF-8"?>
<record
    xmlns:xsi="http://www.w3.org/2001/XMLSchema-instance"
    xsi:schemaLocation="http://www.loc.gov/MARC21/slim http://www.loc.gov/standards/marcxml/schema/MARC21slim.xsd"
    xmlns="http://www.loc.gov/MARC21/slim">

  <leader>04262nam a2200541Ia 4500</leader>
  <controlfield tag="001">132</controlfield>
  <controlfield tag="008">241029s9999    xx            000 0 und d</controlfield>
  <datafield tag="010" ind1=" " ind2=" ">
    <subfield code="a">113</subfield>
  </datafield>
  <datafield tag="041" ind1=" " ind2=" ">
    <subfield code="a">Espa&#xF1;ol</subfield>
  </datafield>
  <datafield tag="082" ind1=" " ind2=" ">
    <subfield code="a">NO APLICA</subfield>
  </datafield>
  <datafield tag="245" ind1=" " ind2="0">
    <subfield code="a">Metodolog&#xED;a de Ense&#xF1;anza Empleada por los Maestros del Nivel Medio que Imparten Docencia en el &#xC1;rea de Ciencias Sociales en el Distrito Educativo 02-06, (2011-2012).</subfield>
  </datafield>
  <datafield tag="260" ind1=" " ind2=" ">
    <subfield code="a">San Juan</subfield>
  </datafield>
  <datafield tag="300" ind1=" " ind2=" ">
    <subfield code="a">127</subfield>
  </datafield>
  <datafield tag="520" ind1=" " ind2=" ">
    <subfield code="a">15</subfield>
  </datafield>
  <datafield tag="630" ind1=" " ind2=" ">
    <subfield code="a">Ense&#xF1;anza</subfield>
  </datafield>
  <datafield tag="630" ind1=" " ind2=" ">
    <subfield code="a">Metodolog&#xED;a de Ense&#xF1;anza</subfield>
  </datafield>
  <datafield tag="650" ind1=" " ind2=" ">
    <subfield code="a">Metodolog&#xED;a</subfield>
  </datafield>
  <datafield tag="690" ind1=" " ind2=" ">
    <subfield code="a">Elaborado</subfield>
  </datafield>
  <datafield tag="700" ind1=" " ind2=" ">
    <subfield code="e">asesor</subfield>
    <subfield code="a"> Cabrera, Argentina</subfield>
  </datafield>
  <datafield tag="700" ind1=" " ind2=" ">
    <subfield code="e">autor</subfield>
    <subfield code="a">De los Santos , Jos&#xE9; Manuel</subfield>
  </datafield>
  <datafield tag="700" ind1=" " ind2=" ">
    <subfield code="e">autor</subfield>
    <subfield code="a"> Dini Salda&#xF1;a, F&#xE9;lix Eduardo</subfield>
  </datafield>
  <datafield tag="901" ind1=" " ind2=" ">
    <subfield code="a">{"1":"De los Santos ","2":" Dini Salda&#xF1;a"}</subfield>
    <subfield code="b">{"1":"Jos&#xE9; Manuel","2":"F&#xE9;lix Eduardo"}</subfield>
  </datafield>
  <datafield tag="902" ind1=" " ind2=" ">
    <subfield code="a">1</subfield>
  </datafield>
  <datafield tag="903" ind1=" " ind2=" ">
    <subfield code="a">{"1":" Cabrera"}</subfield>
    <subfield code="b">{"1":"Argentina"}</subfield>
  </datafield>
  <datafield tag="904" ind1=" " ind2=" ">
    <subfield code="a">Mag&#xED;ster en</subfield>
  </datafield>
  <datafield tag="905" ind1=" " ind2=" ">
    <subfield code="a">Ciencias Sociales</subfield>
  </datafield>
  <datafield tag="906" ind1=" " ind2=" ">
    <subfield code="a">1</subfield>
  </datafield>
  <datafield tag="907" ind1=" " ind2=" ">
    <subfield code="a">Orientada en</subfield>
  </datafield>
  <datafield tag="908" ind1=" " ind2=" ">
    <subfield code="a">Investigaci&#xF3;n y Ense&#xF1;anza</subfield>
  </datafield>
  <datafield tag="909" ind1=" " ind2=" ">
    <subfield code="a">ISFODOSU, Recinto Urania Mont&#xE1;s</subfield>
  </datafield>
  <datafield tag="910" ind1=" " ind2=" ">
    <subfield code="a">NULL</subfield>
    <subfield code="b">NULL</subfield>
  </datafield>
  <datafield tag="911" ind1=" " ind2=" ">
    <subfield code="a">["1"]</subfield>
  </datafield>
  <datafield tag="912" ind1=" " ind2=" ">
    <subfield code="a">NO APLICA</subfield>
  </datafield>
  <datafield tag="913" ind1=" " ind2=" ">
    <subfield code="a">NULL</subfield>
  </datafield>
  <datafield tag="914" ind1=" " ind2=" ">
    <subfield code="a">09 de Junio de 2012</subfield>
  </datafield>
  <datafield tag="915" ind1=" " ind2=" ">
    <subfield code="a">30/05/14 09:05</subfield>
  </datafield>
  <datafield tag="916" ind1=" " ind2=" ">
    <subfield code="a">NULL</subfield>
  </datafield>
  <datafield tag="917" ind1=" " ind2=" ">
    <subfield code="a">NULL</subfield>
  </datafield>
  <datafield tag="918" ind1=" " ind2=" ">
    <subfield code="a">NO APLICA</subfield>
  </datafield>
  <datafield tag="919" ind1=" " ind2=" ">
    <subfield code="a">["202","139"]</subfield>
  </datafield>
  <datafield tag="520" ind1=" " ind2=" ">
    <subfield code="a">El Prop&#xF3;sito general de este estudio fue identifica la metodolog&#xED;a de ense&#xF1;anza empleada por los maestros del Nivel Medio que imparten docencia en el &#xE1;rea de Ciencias Sociales en el Distrito Educativo 02-06, en el a&#xF1;o 2011-2012; como objetivos espec&#xED;ficos se plantearon analizar las estrategias de ense&#xF1;anza desarrolladas por los docentes del &#xE1;rea de Ciencias Sociales en el trabajo &#xE1;ulico, as&#xED; como identificar las t&#xE9;cnicas aplicadas por los docentes del Nivel Medio para la evaluaci&#xF3;n de los aprendizajes en el &#xE1;rea de Ciencias Sociales.El enfoque del estudio fue cuantitativo, de orden descriptivo. La t&#xE9;cnica utilizada para la recolecci&#xF3;n de los datos fue la entrevista &#xA0; y el cuestionario. El universo o poblaci&#xF3;n estuvo constituido por 2,820 estudiantes que cursan el bachillerato en los 16 centros del Nivel Medio y los 19 maestros del &#xE1;rea de Ciencias Sociales que los atienden; de estos se tom&#xF3; una muestra representativa. Para cada elemento de la muestra se hizo una selecci&#xF3;n probabil&#xED;stica, utilizando la t&#xE9;cnica de azar sistem&#xE1;tico tomando &#xA0;como referencia los registros de los cursos.Este estudio concluy&#xF3; que los maestros de ciencias sociales no est&#xE1;n utilizando de manera sistem&#xE1;tica estrategias de ense&#xF1;anza que &#xA0;contribuyan a la representaci&#xF3;n de significatividad cultural, l&#xF3;gica y psicol&#xF3;gica para los estudiantes, de las informaciones que se les presentan a fin de lograr en ellos el desarrollo de aprendizajes significativos;los docentes hacen poco uso de las estrategias pre-instruccionales, co-instruccionales &#xA0;y post-instrucionales, &#xA0;sugeridas para el logro de aprendizajes significativos desde un enfoque constructivista.Esta investigaci&#xF3;n sugiere que los maestros deben asumir con responsabilidad la necesidad de utilizar estrategias de ense&#xF1;anza que favorezcan aprendizajes significativos. &#xA0;#git_wrapper_0{width:100%;position:relative;padding-top:20px;overflow:hidden;font-family:inherit;float:left;}.engageya_case31_image{width:148px; height:100%;float:left;position:relative;text-decoration:none !important;}.engageya_case31_text{text-align:left;position:relative;font-style: inherit; font-family:Arial,Helvetica,sans-serif;font-size: 13px; padding:1px;width:148px;height:100%;font-weight:bold;}.like_facebook {float:left;margin-top:5px;min-width:85px;height:20px;background:url("http://ext1.engageya.com/widget/img/facebook-counter-bg.png") no-repeat left;border:none;}.like_facebook span {float:right;height:20px;font-size:10px;font-family:Arial;color:black;background:url("http://ext1.engageya.com/widget/img/facebook-counter-repeat.png") repeat-x;border-right:solid 1px #c1c1c1;border-top: none;border-bottom: none;margin-top: 1px;height: 18px;margin-right: 0px;padding-right: 6px;line-height: 18px;}</subfield>
  </datafield>
  <datafield tag="921" ind1=" " ind2=" ">
    <subfield code="a">24</subfield>
  </datafield>
  <datafield tag="922" ind1=" " ind2=" ">
    <subfield code="a">24</subfield>
  </datafield>
  <datafield tag="923" ind1=" " ind2=" ">
    <subfield code="a">0</subfield>
  </datafield>
  <datafield tag="924" ind1=" " ind2=" ">
    <subfield code="a">NO APLICA</subfield>
  </datafield>
  <datafield tag="942" ind1=" " ind2=" ">
    <subfield code="c">Tesis</subfield>
  </datafield>
  <datafield tag="999" ind1=" " ind2=" ">
    <subfield code="c">113</subfield>
    <subfield code="d">113</subfield>
  </datafield>
</record>
